NYC Subway Line by Stop - Statistics

General Stats
  • This quiz has been taken 421 times
  • The average score is 12 of 15
Answer Stats
Stop Line % Correct
Mets-Willets Point 7
92%
World Trade Center E
92%
Greenpoint Avenue G
89%
Ozone Park Lefferts Boulevard A
83%
Norwood 205 Street D
82%
Jefferson Street L
82%
163 Street Amsterdam Avenue C
81%
Middle Village Metropolitan Avenue M
81%
Court Street R
81%
33 Street 6
80%
2 Avenue F
80%
176 Street 4
79%
Ocean Parkway Q
78%
Junius Street 3
76%
New Utrecht Avenue N
76%
No matching quizzes found
Score Distribution
Percent of People with Each Score
Percentile by Number Answered
Your Score History
You have not taken this quiz